| 000 | 00576nam a22001577a 4500 | ||
|---|---|---|---|
| 008 | 160427b xxu||||| |||| 00| 0 eng d | ||
| 082 |
_22008 _aUT 0100 _bAu71 |
||
| 100 |
_96512 _aAusa, Charlotte T |
||
| 245 |
_aLearning activities and scholastic performance of the BSN students/ _cCharlotte T. Ausa, Cherry Joy MOntes and James Lord Tandingan. |
||
| 260 |
_aDigos City: _bUMDC _cAugust 2008. |
||
| 300 |
_a35 pages; _c28 cm. |
||
| 650 | 0 |
_96511 _aNursing _xUndergraduate thesis. |
|
| 700 |
_96509 _aMontes, Cherry Joy. |
||
| 700 |
_96510 _aTandingan, James Lord. |
||
| 942 |
_2ddc _cUT |
||
| 999 |
_c2021 _d2021 |
||